| 000 | 01243nam a22002657a 4500 | ||
|---|---|---|---|
| 005 | 20170124103140.0 | ||
| 010 | _aB-137978 | ||
| 020 |
_c200.00 _a8181432142 |
||
| 035 | _aB-137978 | ||
| 037 | _bCen Lib/Ret | ||
| 040 |
_aDPL _bHN |
||
| 082 |
_a320.5 _bधर्मवी |
||
| 100 |
_aधर्मवीर _985457 |
||
| 245 |
_aडॉ.अम्बेडकर के प्रशासनिक विचार / _cधर्मवीर |
||
| 246 |
_aDr.Ambedkar ke prashasnik vichar / _bby Dharmveer |
||
| 260 |
_bवाणी प्रकाशन _c2004 _aनयी दिल्ली |
||
| 270 |
_a 21-ए, दरियागंज _bनयी दिल्ली _e110002 |
||
| 300 |
_a146पृ. _c20सेमी(सजिल्द) |
||
| 500 | _aसंदर्भ शामिल | ||
| 650 |
_aअम्बेडकर -- राजनीती और अन्य परिभाषाएँ _985458 |
||
| 650 |
_aअम्बेडकर -- लोकतंत्र और राज्य समाजवाद _985459 |
||
| 650 |
_aAmbedkar - politics and other definitions _985460 |
||
| 650 |
_aAmbedkar - democracy and state socialism _985461 |
||
| 942 |
_2ddc _cHN _h320.5 _mधर्मवी |
||
| 999 |
_c119537 _d119537 |
||